[Event "DEM U14w 2024"]
[Site "Willingen GER"]
[Date "2024.05.19"]
[Round "1"]
[White "Fischermann, Charlotte"]
[Black "Neumeier, Valentina"]
[Result "1/2-1/2"]
[Termination "normal"]
[Board "6"]
[WhiteElo "1622"]
[BlackElo "1805"]
[WhiteClock "00:42:37"]
[BlackClock "00:19:40"]
[PlyCount "105"]
[WhiteFideId "34619690"]
[BlackFideId "34608222"]
[EventCountry "GER"]
[EventRounds "9"]
[EventType "swiss"]
[EventDate "2024.05.18"]

1. e4 {[%clk 01:30:57]} {[%emt 00:00:02]} e5 {[%clk 01:30:57]} {[%emt
00:00:05]} 2. Nf3 {[%clk 01:31:12]} {[%emt 00:00:13]} Nc6 {[%clk 01:31:21]}
{[%emt 00:00:06]} 3. Bc4 {[%clk 01:31:18]} {[%emt 00:00:24]} Bc5 {[%clk
01:31:46]} {[%emt 00:00:06]} 4. c3 {[%clk 01:30:53]} {[%emt 00:00:54]} Nf6
{[%clk 01:32:10]} {[%emt 00:00:06]} 5. d3 {[%clk 01:30:48]} {[%emt 00:00:35]}
d6 {[%clk 01:32:22]} {[%emt 00:00:19]} 6. Bb3 {[%clk 01:30:33]} {[%emt
00:00:45]} O-O {[%clk 01:31:32]} {[%emt 00:01:20]} 7. Bg5 {[%clk 01:30:16]}
{[%emt 00:00:47]} h6 {[%clk 01:29:46]} {[%emt 00:02:16]} 8. Bh4 {[%clk
01:30:03]} {[%emt 00:00:42]} Bb6 {[%clk 01:28:22]} {[%emt 00:01:55]} 9. Nbd2
{[%clk 01:28:45]} {[%emt 00:01:47]} Re8 {[%clk 01:23:10]} {[%emt 00:05:43]} 10.
O-O {[%clk 01:27:21]} {[%emt 00:01:52]} Be6 {[%clk 01:10:48]} {[%emt 00:12:53]}
11. Bc2 {[%clk 01:25:03]} {[%emt 00:02:48]} Qe7 {[%clk 01:04:04]} {[%emt
00:07:15]} 12. Kh1 {[%clk 01:15:55]} {[%emt 00:09:37]} Bg4 {[%clk 00:51:25]}
{[%emt 00:13:10]} 13. h3 {[%clk 01:12:13]} {[%emt 00:04:11]} Bh5 {[%clk
00:48:04]} {[%emt 00:03:51]} 14. Nc4 {[%clk 01:09:39]} {[%emt 00:03:04]} Rad8
{[%clk 00:37:05]} {[%emt 00:11:29]} 15. Nxb6 {[%clk 01:08:43]} {[%emt
00:01:26]} axb6 {[%clk 00:37:29]} {[%emt 00:00:07]} 16. g4 {[%clk 01:05:30]}
{[%emt 00:03:41]} Bg6 {[%clk 00:36:32]} {[%emt 00:01:28]} 17. Qe2 {[%clk
01:03:50]} {[%emt 00:02:10]} d5 {[%clk 00:35:04]} {[%emt 00:01:58]} 18. Rad1
{[%clk 00:59:50]} {[%emt 00:04:29]} Rd6 {[%clk 00:30:19]} {[%emt 00:05:17]} 19.
Nd2 {[%clk 00:55:53]} {[%emt 00:04:26]} Bh7 {[%clk 00:27:54]} {[%emt 00:02:56]}
20. Bb3 {[%clk 00:50:16]} {[%emt 00:06:06]} d4 {[%clk 00:23:23]} {[%emt
00:05:01]} 21. c4 {[%clk 00:45:01]} {[%emt 00:05:45]} Nd8 {[%clk 00:20:03]}
{[%emt 00:03:50]} 22. Nf3 {[%clk 00:42:57]} {[%emt 00:02:35]} Ne6 {[%clk
00:15:40]} {[%emt 00:04:53]} 23. Bg3 {[%clk 00:42:39]} {[%emt 00:00:47]} Nf4
{[%clk 00:10:26]} {[%emt 00:05:45]} 24. Bxf4 {[%clk 00:41:28]} {[%emt
00:01:40]} exf4 {[%clk 00:10:50]} {[%emt 00:00:07]} 25. Qd2 {[%clk 00:41:40]}
{[%emt 00:00:17]} Nxe4 {[%clk 00:06:04]} {[%emt 00:05:15]} 26. dxe4 {[%clk
00:40:55]} {[%emt 00:01:15]} Bxe4 {[%clk 00:06:29]} {[%emt 00:00:06]} 27. Rde1
{[%clk 00:31:41]} {[%emt 00:09:44]} Bxf3+ {[%clk 00:05:45]} {[%emt 00:01:14]}
28. Kh2 {[%clk 00:31:33]} {[%emt 00:00:38]} Qd7 {[%clk 00:04:29]} {[%emt
00:01:43]} 29. Rxe8+ {[%clk 00:30:28]} {[%emt 00:01:38]} Qxe8 {[%clk 00:04:58]}
{[%emt 00:00:01]} 30. Re1 {[%clk 00:30:27]} {[%emt 00:00:31]} Re6 {[%clk
00:03:57]} {[%emt 00:01:31]} 31. Rxe6 {[%clk 00:29:03]} {[%emt 00:01:54]} Qxe6
{[%clk 00:04:08]} {[%emt 00:00:19]} 32. Qxf4 {[%clk 00:20:48]} {[%emt
00:08:45]} Qd6 {[%clk 00:03:01]} {[%emt 00:01:38]} 33. Kg3 {[%clk 00:20:28]}
{[%emt 00:00:50]} Bc6 {[%clk 00:01:49]} {[%emt 00:01:41]} 34. Qxd6 {[%clk
00:19:59]} {[%emt 00:01:00]} cxd6 {[%clk 00:02:18]} 35. Bc2 {[%clk 00:20:15]}
{[%emt 00:00:14]} Kf8 {[%clk 00:02:13]} {[%emt 00:00:35]} 36. f4 {[%clk
00:19:46]} {[%emt 00:00:58]} Ke7 {[%clk 00:01:47]} {[%emt 00:00:56]} 37. Kf2
{[%clk 00:19:54]} {[%emt 00:00:23]} d5 {[%clk 00:01:27]} {[%emt 00:00:51]} 38.
Bb3 {[%clk 00:19:38]} {[%emt 00:00:45]} Kd6 {[%clk 00:01:40]} {[%emt 00:00:17]}
39. Ke2 {[%clk 00:19:43]} {[%emt 00:00:24]} Kc5 {[%clk 00:01:30]} {[%emt
00:00:41]} 40. Kd3 {[%clk 00:19:42]} {[%emt 00:00:31]} dxc4+ {[%clk 00:01:04]}
{[%emt 00:00:55]} 41. Bxc4 {[%clk 00:19:56]} {[%emt 00:00:16]} Bd5 {[%clk
00:01:22]} {[%emt 00:00:13]} 42. b4+ {[%clk 00:19:38]} {[%emt 00:00:48]} Kd6
{[%clk 00:30:26]} {[%emt 00:01:26]} 43. Kxd4 {[%clk 00:49:45]} {[%emt
00:00:22]} Bxc4 {[%clk 00:28:40]} {[%emt 00:02:17]} 44. Kxc4 {[%clk 00:50:06]}
{[%emt 00:00:09]} Kc6 {[%clk 00:28:44]} {[%emt 00:00:26]} 45. f5 {[%clk
00:48:46]} {[%emt 00:01:49]} b5+ {[%clk 00:27:30]} {[%emt 00:01:45]} 46. Kd4
{[%clk 00:48:42]} {[%emt 00:00:34]} Kd6 {[%clk 00:27:14]} {[%emt 00:00:46]} 47.
Ke4 {[%clk 00:48:08]} {[%emt 00:01:02]} g6 {[%clk 00:20:44]} {[%emt 00:07:02]}
48. h4 {[%clk 00:46:04]} {[%emt 00:02:34]} g5 {[%clk 00:19:05]} {[%emt
00:02:09]} 49. h5 {[%clk 00:45:05]} {[%emt 00:01:29]} f6 {[%clk 00:18:53]}
{[%emt 00:00:42]} 50. Kd4 {[%clk 00:44:34]} {[%emt 00:01:01]} b6 {[%clk
00:18:59]} {[%emt 00:00:24]} 51. Ke4 {[%clk 00:43:09]} {[%emt 00:01:54]} Kc6
{[%clk 00:19:18]} {[%emt 00:00:11]} 52. Kd4 {[%clk 00:42:44]} {[%emt 00:00:56]}
Kd6 {[%clk 00:19:40]} {[%emt 00:00:08]} 53. Ke4 {[%clk 00:42:37]} {[%emt
00:00:37]} 1/2-1/2

[Event "DEM U14w 2024"]
[Site "Willingen GER"]
[Date "2024.05.19"]
[Round "1"]
[White "Färber, Anna"]
[Black "Richter, Anastasia"]
[Result "1/2-1/2"]
[Termination "normal"]
[Board "7"]
[WhiteElo "1661"]
[BlackElo "1562"]
[WhiteClock "00:29:08"]
[BlackClock "00:25:03"]
[PlyCount "90"]
[WhiteFideId "34633480"]
[BlackFideId "34659099"]
[EventCountry "GER"]
[EventRounds "9"]
[EventType "swiss"]
[EventDate "2024.05.18"]

1. e4 {[%clk 01:30:48]} {[%emt 00:00:11]} e5 {[%clk 01:30:55]} {[%emt
00:00:06]} 2. Nf3 {[%clk 01:31:08]} {[%emt 00:00:09]} Nc6 {[%clk 01:31:18]}
{[%emt 00:00:07]} 3. d4 {[%clk 01:31:32]} {[%emt 00:00:07]} exd4 {[%clk
01:31:42]} {[%emt 00:00:06]} 4. Nxd4 {[%clk 01:31:51]} {[%emt 00:00:10]} Nf6
{[%clk 01:29:20]} {[%emt 00:02:53]} 5. Nxc6 {[%clk 01:31:54]} {[%emt 00:00:27]}
bxc6 {[%clk 01:29:38]} {[%emt 00:00:12]} 6. e5 {[%clk 01:32:03]} {[%emt
00:00:21]} Qe7 {[%clk 01:29:28]} {[%emt 00:00:39]} 7. Qe2 {[%clk 01:32:17]}
{[%emt 00:00:17]} Nd5 {[%clk 01:29:34]} {[%emt 00:00:23]} 8. h4 {[%clk
01:32:06]} {[%emt 00:00:41]} Qe6 {[%clk 01:24:10]} {[%emt 00:05:55]} 9. Nd2
{[%clk 01:30:23]} {[%emt 00:02:12]} a5 {[%clk 01:15:29]} {[%emt 00:09:07]} 10.
Nf3 {[%clk 01:20:22]} {[%emt 00:10:35]} Ba6 {[%clk 01:04:51]} {[%emt 00:11:09]}
11. c4 {[%clk 01:17:40]} {[%emt 00:03:11]} Nb6 {[%clk 01:00:49]} {[%emt
00:04:28]} 12. b3 {[%clk 01:14:42]} {[%emt 00:03:33]} Bc5 {[%clk 00:48:14]}
{[%emt 00:13:01]} 13. g3 {[%clk 01:08:57]} {[%emt 00:06:19]} O-O {[%clk
00:42:59]} {[%emt 00:05:45]} 14. Bh3 {[%clk 01:01:40]} {[%emt 00:07:46]} f5
{[%clk 00:35:43]} {[%emt 00:07:47]} 15. Be3 {[%clk 00:52:07]} {[%emt 00:10:03]}
Bxe3 {[%clk 00:28:35]} {[%emt 00:07:38]} 16. Qxe3 {[%clk 00:51:54]} {[%emt
00:00:42]} Rae8 {[%clk 00:24:34]} {[%emt 00:04:30]} 17. O-O-O {[%clk 00:39:08]}
{[%emt 00:13:16]} a4 {[%clk 00:19:29]} {[%emt 00:05:36]} 18. Rhe1 {[%clk
00:35:57]} {[%emt 00:03:41]} axb3 {[%clk 00:16:45]} {[%emt 00:03:14]} 19. axb3
{[%clk 00:36:13]} {[%emt 00:00:15]} Ra8 {[%clk 00:11:19]} {[%emt 00:05:53]} 20.
Qc3 {[%clk 00:31:47]} {[%emt 00:04:58]} Ra7 {[%clk 00:07:14]} {[%emt 00:04:36]}
21. Nd4 {[%clk 00:28:37]} {[%emt 00:03:40]} Qg6 {[%clk 00:03:48]} {[%emt
00:03:53]} 22. e6 {[%clk 00:23:12]} {[%emt 00:05:57]} Raa8 {[%clk 00:01:27]}
{[%emt 00:02:52]} 23. e7 {[%clk 00:19:22]} {[%emt 00:04:20]} Rfe8 {[%clk
00:01:45]} {[%emt 00:00:11]} 24. Nxf5 {[%clk 00:14:50]} {[%emt 00:05:03]} Bc8
{[%clk 00:01:30]} {[%emt 00:00:42]} 25. Nd4 {[%clk 00:11:44]} {[%emt 00:03:38]}
Qf7 {[%clk 00:00:46]} {[%emt 00:01:11]} 26. Qe3 {[%clk 00:10:00]} {[%emt
00:02:17]} Ra1+ {[%clk 00:00:42]} {[%emt 00:00:35]} 27. Kd2 {[%clk 00:08:51]}
{[%emt 00:01:40]} Rxd1+ {[%clk 00:01:04]} {[%emt 00:00:07]} 28. Kxd1 {[%clk
00:08:56]} {[%emt 00:00:24]} d5 {[%clk 00:00:42]} {[%emt 00:00:54]} 29. Bxc8
{[%clk 00:07:58]} {[%emt 00:01:28]} Nxc8 {[%clk 00:01:11]} {[%emt 00:00:01]}
30. cxd5 {[%clk 00:03:12]} {[%emt 00:05:17]} Qxd5 {[%clk 00:01:13]} {[%emt
00:00:27]} 31. Qe6+ {[%clk 00:02:27]} {[%emt 00:01:15]} Qxe6 {[%clk 00:01:42]}
{[%emt 00:00:01]} 32. Rxe6 {[%clk 00:02:50]} {[%emt 00:00:07]} Rxe7 {[%clk
00:01:04]} {[%emt 00:01:07]} 33. Rxc6 {[%clk 00:02:19]} {[%emt 00:01:01]} Rd7
{[%clk 00:01:08]} {[%emt 00:00:26]} 34. Rc4 {[%clk 00:02:29]} {[%emt 00:00:20]}
c5 {[%clk 00:01:17]} {[%emt 00:00:19]} 35. Kd2 {[%clk 00:01:20]} {[%emt
00:01:42]} Rxd4+ {[%clk 00:01:37]} {[%emt 00:00:10]} 36. Rxd4 {[%clk 00:01:47]}
{[%emt 00:00:03]} cxd4 {[%clk 00:02:05]} {[%emt 00:00:02]} 37. Kd3 {[%clk
00:02:11]} {[%emt 00:00:05]} Kf7 {[%clk 00:01:55]} {[%emt 00:00:40]} 38. Kxd4
{[%clk 00:02:36]} {[%emt 00:00:05]} Ke6 {[%clk 00:01:51]} {[%emt 00:00:34]} 39.
Kc5 {[%clk 00:02:18]} {[%emt 00:00:48]} Ke5 {[%clk 00:01:21]} {[%emt 00:01:00]}
40. b4 {[%clk 00:01:47]} {[%emt 00:01:02]} Na7 {[%clk 00:01:21]} {[%emt
00:00:28]} 41. Kb6 {[%clk 00:00:50]} {[%emt 00:01:28]} Nc8+ {[%clk 00:01:37]}
{[%emt 00:00:13]} 42. Kc7 {[%clk 00:30:07]} {[%emt 00:01:13]} Nd6 {[%clk
00:27:47]} {[%emt 00:04:19]} 43. Kc6 {[%clk 00:29:19]} {[%emt 00:01:19]} Nc8
{[%clk 00:25:34]} {[%emt 00:02:43]} 44. Kc7 {[%clk 00:29:16]} {[%emt 00:00:34]}
Na7 {[%clk 00:24:49]} {[%emt 00:01:15]} 45. Kb6 {[%clk 00:29:08]} {[%emt
00:00:38]} Nc8+ {[%clk 00:25:03]} {[%emt 00:00:15]} 1/2-1/2

[Event "DEM U14w 2024"]
[Site "Willingen GER"]
[Date "2024.05.19"]
[Round "1"]
[White "Gold, Finnja"]
[Black "Richter, Johanna"]
[Result "1-0"]
[Termination "normal"]
[Board "8"]
[WhiteElo "1484"]
[BlackElo "1741"]
[WhiteClock "00:23:14"]
[BlackClock "00:09:16"]
[PlyCount "115"]
[WhiteFideId "34660453"]
[BlackFideId "16278925"]
[EventCountry "GER"]
[EventRounds "9"]
[EventType "swiss"]
[EventDate "2024.05.18"]

1. e4 {[%clk 01:30:57]} {[%emt 00:00:01]} c5 {[%clk 01:30:50]} {[%emt
00:00:11]} 2. c3 {[%clk 01:31:20]} {[%emt 00:00:07]} Nf6 {[%clk 01:31:17]}
{[%emt 00:00:04]} 3. e5 {[%clk 01:31:42]} {[%emt 00:00:07]} Nd5 {[%clk
01:31:42]} {[%emt 00:00:05]} 4. d4 {[%clk 01:32:05]} {[%emt 00:00:07]} cxd4
{[%clk 01:32:00]} {[%emt 00:00:13]} 5. Nf3 {[%clk 01:32:26]} {[%emt 00:00:08]}
Nc6 {[%clk 01:32:24]} {[%emt 00:00:06]} 6. cxd4 {[%clk 01:32:44]} {[%emt
00:00:12]} d6 {[%clk 01:32:46]} {[%emt 00:00:08]} 7. Bc4 {[%clk 01:32:51]}
{[%emt 00:00:23]} Nb6 {[%clk 01:33:08]} {[%emt 00:00:08]} 8. Bb5 {[%clk
01:31:55]} {[%emt 00:01:27]} dxe5 {[%clk 01:30:07]} {[%emt 00:03:31]} 9. dxe5
{[%clk 01:31:55]} {[%emt 00:00:29]} Qxd1+ {[%clk 01:29:09]} {[%emt 00:01:28]}
10. Kxd1 {[%clk 01:32:16]} {[%emt 00:00:09]} Bd7 {[%clk 01:27:23]} {[%emt
00:02:17]} 11. Nc3 {[%clk 01:30:51]} {[%emt 00:01:54]} a6 {[%clk 01:23:49]}
{[%emt 00:04:04]} 12. Be2 {[%clk 01:28:53]} {[%emt 00:02:27]} e6 {[%clk
01:21:46]} {[%emt 00:02:34]} 13. Be3 {[%clk 01:28:50]} {[%emt 00:00:33]} Nd5
{[%clk 01:20:08]} {[%emt 00:02:07]} 14. Nxd5 {[%clk 01:28:47]} {[%emt
00:00:34]} exd5 {[%clk 01:20:37]} {[%emt 00:00:01]} 15. a3 {[%clk 01:26:29]}
{[%emt 00:02:49]} Bg4 {[%clk 01:20:07]} {[%emt 00:00:58]} 16. Bf4 {[%clk
01:25:56]} {[%emt 00:01:04]} Bc5 {[%clk 01:18:54]} {[%emt 00:01:43]} 17. Rf1
{[%clk 01:20:10]} {[%emt 00:06:16]} Rd8 {[%clk 01:02:58]} {[%emt 00:16:25]} 18.
Ne1 {[%clk 01:01:11]} {[%emt 00:19:29]} Bxe2+ {[%clk 01:02:59]} {[%emt
00:00:30]} 19. Kxe2 {[%clk 01:01:30]} {[%emt 00:00:11]} O-O {[%clk 01:00:37]}
{[%emt 00:02:53]} 20. Nd3 {[%clk 01:01:02]} {[%emt 00:00:57]} Bd4 {[%clk
00:57:54]} {[%emt 00:03:13]} 21. Rfe1 {[%clk 00:55:40]} {[%emt 00:05:51]} Rfe8
{[%clk 00:54:01]} {[%emt 00:04:23]} 22. Kf1 {[%clk 00:55:02]} {[%emt 00:01:08]}
Rd7 {[%clk 00:52:24]} {[%emt 00:02:08]} 23. Re2 {[%clk 00:54:58]} {[%emt
00:00:35]} Rde7 {[%clk 00:51:41]} {[%emt 00:01:13]} 24. Rae1 {[%clk 00:54:47]}
{[%emt 00:00:40]} h6 {[%clk 00:51:00]} {[%emt 00:01:11]} 25. Bg3 {[%clk
00:53:56]} {[%emt 00:01:21]} Bb6 {[%clk 00:45:45]} {[%emt 00:05:39]} 26. f4
{[%clk 00:48:31]} {[%emt 00:06:01]} Nd4 {[%clk 00:42:54]} {[%emt 00:03:21]} 27.
Rd2 {[%clk 00:39:04]} {[%emt 00:09:57]} Nb3 {[%clk 00:22:12]} {[%emt 00:21:11]}
28. Rc2 {[%clk 00:36:13]} {[%emt 00:03:22]} Nd4 {[%clk 00:18:14]} {[%emt
00:04:28]} 29. Rd2 {[%clk 00:35:45]} {[%emt 00:00:58]} Rd7 {[%clk 00:13:45]}
{[%emt 00:04:59]} 30. Bf2 {[%clk 00:33:10]} {[%emt 00:03:05]} Nb3 {[%clk
00:11:35]} {[%emt 00:02:40]} 31. Rc2 {[%clk 00:33:14]} {[%emt 00:00:26]} Bxf2
{[%clk 00:09:14]} {[%emt 00:02:51]} 32. Kxf2 {[%clk 00:32:03]} {[%emt
00:01:40]} Ree7 {[%clk 00:06:52]} {[%emt 00:02:39]} 33. Rc8+ {[%clk 00:30:45]}
{[%emt 00:02:02]} Kh7 {[%clk 00:07:12]} {[%emt 00:00:10]} 34. Nc5 {[%clk
00:30:20]} {[%emt 00:00:55]} Nxc5 {[%clk 00:07:06]} {[%emt 00:00:36]} 35. Rxc5
{[%clk 00:30:42]} {[%emt 00:00:08]} Kg6 {[%clk 00:05:08]} {[%emt 00:02:28]} 36.
g4 {[%clk 00:28:25]} {[%emt 00:02:46]} f5 {[%clk 00:04:32]} {[%emt 00:01:07]}
37. h3 {[%clk 00:24:19]} {[%emt 00:04:36]} Re6 {[%clk 00:03:30]} {[%emt
00:01:32]} 38. Ke3 {[%clk 00:22:52]} {[%emt 00:01:57]} Rb6 {[%clk 00:01:28]}
{[%emt 00:02:32]} 39. b4 {[%clk 00:22:25]} {[%emt 00:00:56]} a5 {[%clk
00:01:23]} {[%emt 00:00:36]} 40. Rxa5 {[%clk 00:22:32]} {[%emt 00:00:23]} Rc6
{[%clk 00:01:14]} {[%emt 00:00:39]} 41. Rc5 {[%clk 00:22:42]} {[%emt 00:00:20]}
Ra6 {[%clk 00:23:53]} {[%emt 00:07:51]} 42. Ra1 {[%clk 00:52:05]} {[%emt
00:01:07]} d4+ {[%clk 00:23:32]} {[%emt 00:00:50]} 43. Kd3 {[%clk 00:51:40]}
{[%emt 00:00:55]} Ra8 {[%clk 00:23:27]} {[%emt 00:00:36]} 44. a4 {[%clk
00:48:07]} {[%emt 00:04:03]} Rf8 {[%clk 00:23:46]} {[%emt 00:00:11]} 45. Rf1
{[%clk 00:46:50]} {[%emt 00:01:47]} Rdf7 {[%clk 00:19:35]} {[%emt 00:04:41]}
46. gxf5+ {[%clk 00:27:24]} {[%emt 00:19:57]} Rxf5 {[%clk 00:19:34]} {[%emt
00:00:30]} 47. Ke4 {[%clk 00:27:25]} {[%emt 00:00:29]} d3 {[%clk 00:19:36]}
{[%emt 00:00:29]} 48. Rd5 {[%clk 00:27:22]} {[%emt 00:00:33]} Kh7 {[%clk
00:14:12]} {[%emt 00:05:53]} 49. Rxd3 {[%clk 00:27:00]} {[%emt 00:00:53]} g5
{[%clk 00:13:34]} {[%emt 00:01:08]} 50. Rdf3 {[%clk 00:27:12]} {[%emt
00:00:17]} Kg6 {[%clk 00:10:45]} {[%emt 00:03:17]} 51. fxg5 {[%clk 00:26:42]}
{[%emt 00:01:02]} Rxf3 {[%clk 00:11:05]} {[%emt 00:00:10]} 52. Rxf3 {[%clk
00:26:59]} {[%emt 00:00:13]} Rc8 {[%clk 00:11:25]} {[%emt 00:00:10]} 53. Rf6+
{[%clk 00:25:56]} {[%emt 00:01:33]} Kxg5 {[%clk 00:11:40]} {[%emt 00:00:14]}
54. h4+ {[%clk 00:25:21]} {[%emt 00:01:06]} Kh5 {[%clk 00:11:50]} {[%emt
00:00:19]} 55. Rf4 {[%clk 00:22:48]} {[%emt 00:03:04]} Rc4+ {[%clk 00:11:34]}
{[%emt 00:00:31]} 56. Kf5 {[%clk 00:22:58]} {[%emt 00:00:34]} Rd4 {[%clk
00:08:50]} {[%emt 00:03:00]} 57. Rxd4 {[%clk 00:23:09]} {[%emt 00:00:33]} b5
{[%clk 00:09:16]} {[%emt 00:00:05]} 58. Rd5 {[%clk 00:23:14]} {[%emt 00:00:25]}
1-0